BMI quarterly cost briefing (Record no. 107058)

MARC details
000 -LEADER
fixed length control field 01286cam a22002415a 4500
001 - CONTROL NUMBER
control field L138206
008 - FIXED-LENGTH DATA ELEMENTS--GENERAL INFORMATION
fixed length control field 070522s2007 xxk f 000 0 eng d
022 1# - INTERNATIONAL STANDARD SERIAL NUMBER
International Standard Serial Number 0952-4053
035 ## - SYSTEM CONTROL NUMBER
System control number (Sirsi) u138206
041 0# - LANGUAGE CODE
Language code of text/sound track or separate title eng
050 04 - LIBRARY OF CONGRESS CALL NUMBER
Classification number 690.24 $2 18
110 2# - MAIN ENTRY--CORPORATE NAME
Corporate name or jurisdiction name as entry element Building Maintenance Information
9 (RLIN) 3229
240 ## - UNIFORM TITLE
Uniform title BMI quarterly briefing of maintenance costs
245 00 - TITLE STATEMENT
Title BMI quarterly cost briefing
260 ## - PUBLICATION, DISTRIBUTION, ETC.
Place of publication, distribution, etc. London
Name of publisher, distributor, etc. BCIS
Date of publication, distribution, etc. 2007
300 ## - PHYSICAL DESCRIPTION
Extent 32p.
Dimensions 30cm.
490 #0 - SERIES STATEMENT
Series statement BMI Quarterly Cost Briefing
Volume/sequential designation 360
490 #0 - SERIES STATEMENT
Series statement BMI Quarterly Cost Briefing
Volume/sequential designation 363
505 2# - FORMATTED CONTENTS NOTE
Formatted contents note Input cost indices forecasts -- Output price indices -- Input cost indices: BMI health service maintenance cost indices -- BMI local authority maintenance cost indices -- BMI private sector maintenance cost indices -- BMI all-in maintenance cost indices -- BMI maintenance materials cost indices -- Lift service labour cost index -- BMI cleaning cost indices -- BMI energy cost indices -- BMI labour cost indices -- BMI construction materials price indices -- Retail Prices Index -- Wage agreements and national insurance rates -- Market prices and maintenance materials
651 #4 - SUBJECT ADDED ENTRY--GEOGRAPHIC NAME
Geographic name United Kingdom
Chronological subdivision
690 ## - LOCAL SUBJECT ADDED ENTRY--TOPICAL TERM (OCLC, RLIN)
Topical term or geographic name as entry element BUILT ENVIRONMENT-BUILDING MAINTENANCE AND REFURBISHMENT-MAINTENANCE COSTS
942 ## - ADDED ENTRY ELEMENTS (KOHA)
Suppress in OPAC 0
Holdings
Withdrawn status Lost status Source of classification or shelving scheme Damaged status Not for loan Home library Current library Shelving location Date acquired Total Checkouts Full call number Barcode Date last seen Copy number Price effective from Koha item type
    Dewey Decimal Classification     London London BCIS/BMI publications 22/05/2007   ENQUIRY DESK ISS 96 MAR 2007 30072250 06/08/2019 1 06/08/2019 Reference material
    Dewey Decimal Classification     London London BCIS/BMI publications 09/07/2007   ENQUIRY DESK ISS 97 JUN 2007 30072242 06/08/2019 1 06/08/2019 Reference material
    Dewey Decimal Classification     London London BCIS/BMI publications 01/10/2007   ENQUIRY DESK ISS 98 SEP 2007 30074206 06/08/2019 1 06/08/2019 Reference material
    Dewey Decimal Classification     London London BCIS/BMI publications 02/01/2008   ENQUIRY DESK ISS 99 DEC 2007 30074500 06/08/2019 1 06/08/2019 Reference material
    Dewey Decimal Classification     London London Journals 03/04/2008   ENQUIRY DESK ISS 100 MAR 2008 30074509 06/08/2019 1 06/08/2019 Reference material